00692nam a2200241 a 4500001001300000003000900013005001700022008004100039020001000080082001600090100002400106245002100130260005400151300000800205500003500213505001300248650001900261700002400280902000800304942000700312952011600319999001500435nice12345678IN_TiNIC20260116011742.0050524s1967 hyda grp 000 0 urd  ac10000a297.24bMAU aMaudoodi, Abul Aala aKhatm-E-Nabuwwat aHyderabad bMarkazi Anjuman Taleemus Salat c1967 a63p aincludes index and biblioraphy2 aarchives aIslam-Prophecy1 aMaudoodi, Abul Aala bSRS cBK 001040708StackRoom-aHMIbHMId2007-07-19g100.00l0o297.24 MAUp06381r2007-07-19v100.00w2005-05-24yBK c3710d3710